|
|
|
|
| LEADER |
00000cam a2200000 4500 |
| 001 |
vtls012137791 |
| 003 |
SK-MaSNL |
| 005 |
20260301192121.0 |
| 008 |
220602s2018 rm f n 100 0 slo |
| 015 |
|
|
|a SNBZSA2023/09
|
| 020 |
|
|
|a 9786066751933
|q (brožované)
|
| 040 |
|
|
|a SNK
|b slo
|c SNK
|e rda
|
| 041 |
0 |
|
|a slo
|
| 043 |
|
|
|a e-rm---
|a e-hu---
|
| 044 |
|
|
|a rm
|c RO
|
| 072 |
|
7 |
|a 27-9
|x Dejiny kresťanskej cirkvi
|2 konspekt
|
| 080 |
|
|
|a 27-9"14/15"
|2 2011
|
| 080 |
|
|
|a (0:82-5)
|2 2011
|
| 080 |
|
|
|a (042.5)
|2 2011
|
| 080 |
|
|
|a (062.534)
|2 2011
|
| 080 |
|
|
|a (498.433)
|2 2011
|
| 080 |
|
|
|a (439.2)
|2 2011
|
| 245 |
0 |
0 |
|a Vplyv reformácie na Nadlak a Dolnú zem
|b zborník príspevkov z medzinárodnej vedeckej konferencie a osláv 500. výročia reformácie, ktoré sa konali v Nadlaku 5.-6. mája 2017
|c editor Juraj Dušan Vanko
|
| 264 |
|
1 |
|a Arad
|b Gutenberg Univers
|c 2018
|
| 300 |
|
|
|a 349 strán
|c 24 cm
|
| 336 |
|
|
|a text
|b txt
|2 rdacontent
|
| 337 |
|
|
|a bez média
|b n
|2 rdamedia
|
| 338 |
|
|
|a zväzok
|b nc
|2 rdacarrier
|
| 504 |
|
|
|a Obsahuje bibliografiu za jednotlivými príspevkami
|
| 650 |
0 |
7 |
|a reformácia
|2 SNKPH
|9 247352
|
| 650 |
0 |
7 |
|a Reformation
|2 SNKPHeng
|9 144825
|
| 651 |
|
7 |
|a Nadlak (Rumunsko)
|2 SNKPHgeo
|9 56244
|
| 651 |
|
7 |
|a Dolná zem
|2 SNKPHgeo
|9 56374
|
| 651 |
|
7 |
|a Nădlac (Romania)
|2 SNKPHeng
|9 286773
|
| 651 |
|
7 |
|a Lower Hungary
|2 SNKPHeng
|9 313646
|
| 655 |
|
7 |
|a kázne
|2 SNKPH
|9 70516
|
| 655 |
|
7 |
|a príhovory
|2 SNKPH
|9 75648
|
| 655 |
|
7 |
|a Sermons
|2 SNKPHeng
|9 306073
|
| 655 |
|
7 |
|a Speeches
|2 SNKPHeng
|9 275814
|
| 655 |
|
7 |
|a zborníky konferencií
|2 SNKPH
|9 70153
|
| 655 |
|
7 |
|a Proceedings of conferences
|2 SNKPHeng
|9 265791
|
| 700 |
1 |
|
|a Vanko, Juraj Dušan,
|d 1972-
|4 edt
|9 231090
|
| 852 |
|
|
|a Slovenská národná knižnica
|
| 919 |
|
|
|a 978-606-675-193-3
|
| 954 |
|
|
|a odborná, vedecká literatúra pôvodná (slovenská)
|2 lita
|
| 958 |
|
|
|a ZS
|
| 958 |
|
|
|a NB
|
| 999 |
|
|
|c 873313
|d 875243
|
| 952 |
|
|
|a SNK
|b SNK
|y PREZ
|7 0
|p 17A1483719
|o snkSC 199338
|i snk2022/8943
|8 1
|0 0
|1 0
|4 0
|d 2022-06-02
|l 0
|r 2025-10-22 00:00:00
|w 2026-02-24
|